000 01301nam0a2200337 4500
001 RU\NLR\BIBL_A\022557830
005 20260420045357.0
010 _a978-5-00182-137-3
_9100
021 _aRU
_bКН-П-25-021315
_9КН-П-25-2156
035 _a(NLR Aleph) 022557830
090 _a13674294
_c13674294
100 _a20250604d2025 u y0rusy50 ca
101 0 _arus
102 _aRU
105 _aa z 000ay
181 0 _ai
_baxxe
182 0 _an
200 1 _aАфоризмы оптимистов
_iО любви
_eсборник
_fсоставитель: Людмила Стоянова
203 _aТекст
_bвизуальный
_cнепосредственный
205 _aИзд. 4-е, перераб.
210 _aСанкт-Петербург
_cПолитехника сервис
_d2025
215 _a174, [1] с.
_cил.
_d15
225 1 _aСерия "Афоризмы оптимистов"
320 _aБиблиогр.: с. 173–175
606 1 _aЛюбовь
_xАфоризмы
_92137617
_3RU\NLR\AUTH\661288781
686 1 _aЮ703.13я48
702 1 _aСтоянова
_bЛ. В.
_gЛюдмила Владимировна
942 _cBOOK
980 _aNB